ピ ア ジ ェ 理 論 と 教 育
Guardat en:
| Autor principal: | |
|---|---|
| Format: | Llibre |
| Idioma: | Undetermined |
| Publicat: |
Tōkyō
Burēn Shuppan
1982
|
| Matèries: | |
| Etiquetes: |
Afegir etiqueta
Sense etiquetes, Sigues el primer a etiquetar aquest registre!
|
| Thư viện lưu trữ: | Trung tâm Học liệu Trường Đại học Cần Thơ |
|---|
| LEADER | 00549nam a2200181Ia 4500 | ||
|---|---|---|---|
| 001 | CTU_236343 | ||
| 008 | 210402s9999 xx 000 0 und d | ||
| 082 | |a 371.23 | ||
| 082 | |b I.35 | ||
| 100 | |a Inagaki, Kayoko | ||
| 245 | 0 | |a ピ ア ジ ェ 理 論 と 教 育 | |
| 245 | 0 | |c Kayoko Inagaki | |
| 260 | |a Tōkyō | ||
| 260 | |b Burēn Shuppan | ||
| 260 | |c 1982 | ||
| 650 | |a School improvement programs,Chương trình cải tiến trường học | ||
| 910 | |b dqhieu | ||
| 980 | |a Trung tâm Học liệu Trường Đại học Cần Thơ | ||